Imagen de la ciencia y la tecnología en la sección Aldea Global del periódico La Nación /
El artículo aborda la construcción de discurso periodístico sobre ciencia y tecnología en la sección “Aldea Global” del periódico La Nación de Costa Rica. Se realiza un análisis del contenido de 35 textos periodísticos, basado en la teoría del encuadre y la literatura sobre periodismo científico. Lo...
保存先:
| 第一著者: | |
|---|---|
| フォーマット: | 図書 |
| 言語: | Spanish |
| 主題: | |
| タグ: |
タグ追加
タグなし, このレコードへの初めてのタグを付けませんか!
|
MARC
| LEADER | 00000nam a22000007a 4500 | ||
|---|---|---|---|
| 003 | cru CIDCACS/IIS | ||
| 005 | 20200925161222.0 | ||
| 007 | ta | ||
| 008 | 170222s2016 cr ||||| |||| 00| 0 spa d | ||
| 040 | |c CRAI/IIS |a CRAI/IIS | ||
| 100 | 1 | |9 2977 |a Rivera Alvarado, Grettel | |
| 245 | 1 | |a Imagen de la ciencia y la tecnología en la sección Aldea Global del periódico La Nación / |c Grettel Rivera Alvarado | |
| 300 | |a páginas 59-78: |b tablas, gráficos | ||
| 520 | |a El artículo aborda la construcción de discurso periodístico sobre ciencia y tecnología en la sección “Aldea Global” del periódico La Nación de Costa Rica. Se realiza un análisis del contenido de 35 textos periodísticos, basado en la teoría del encuadre y la literatura sobre periodismo científico. Los resultados evidencian que la producción periodísticas de “Aldea Global” se centra en temáticas como la salud y la tecnología comercial, lo cual deja por fuera un gran espectro del quehacer científico. Este fenómeno dificulta una alfabetización y cultura científica, que permita a la población conocer su entorno y tomar mejores decisiones. KDV/180517 | ||
| 650 | 1 | 0 | |9 1732 |a CIENCIA Y TECNOLOGIA |
| 650 | 0 | |9 4770 |a CULTURA CIENTÍFICA | |
| 650 | 1 | 0 | |9 26 |a SOCIEDAD |
| 650 | 1 | 0 | |9 8 |a ANALISIS DE CONTENIDO |
| 650 | 1 | 0 | |9 3241 |a PERIODISMO |
| 650 | 0 | |9 4771 |a DIFUSIÓN DE LA INFORMACIÓN | |
| 651 | 1 | 0 | |9 32 |a COSTA RICA |
| 773 | 0 | |0 18728 |9 294 |a Universidad de Costa Rica |d San José, Costa Rica Editorial UCR 1956- |o R19232 |t Revista de Ciencias Sociales/ | |
| 942 | |2 ddc |c PP | ||
| 999 | |c 18914 |d 18914 | ||
